Pól milióna firiem čakajú nové pravidlá v ochrane osobných údajov
Regulácia ochrany osobných údajov. Európska regulácia GDRP (General data protection regulation). Norma ISO 27001 ako špeciálne určená norma pre systémy manažérstva informačnej bezpečnosti.
Salvato in:
| Autore principale: | |
|---|---|
| Natura: | Capitolo di libro |
| Lingua: | slovacco |
| Soggetti: | |
| Tags: |
Nessun Tag, puoi essere il primo ad aggiungerne!!
|
MARC
| LEADER | 00000naa a2200000 4500 | ||
|---|---|---|---|
| 001 | 0237211 | ||
| 005 | 20171113130239.7 | ||
| 041 | 0 | |a slo | |
| 044 | |a SK | ||
| 245 | 1 | 0 | |a Pól milióna firiem čakajú nové pravidlá v ochrane osobných údajov |c Igor Straka |
| 520 | |a Regulácia ochrany osobných údajov. Európska regulácia GDRP (General data protection regulation). Norma ISO 27001 ako špeciálne určená norma pre systémy manažérstva informačnej bezpečnosti. | ||
| 610 | 2 | 0 | |a ochrana údajov osobných |
| 610 | 2 | 0 | |a pokuty |
| 610 | 2 | 0 | |a Európska únia |
| 610 | 2 | 0 | |a Európa |
| 610 | 2 | 0 | |a regulácia |
| 610 | 2 | 0 | |a bezpečnosť informačná |
| 100 | 1 | |a Straka, Igor | |